[Event "78th Spanish Championship"]
[Site "?"]
[Date "2013.09.04"]
[Round "?"]
[White "Castellanos Rodriguez, Renier"]
[Black "Illescas Cordoba, Miguel"]
[WhiteElo "2510"]
[BlackElo "2608"]
[Result "0-1"]

1. e4 c5 2. Nf3 e6 3. d4 cxd4 4. Nxd4 Nf6 5. Nc3 Nc6 6. Ndb5 d6 7. Bf4 e5 8. Bg5 a6 9. Na3 b5 10. Nd5 Be7 11. Bxf6 Bxf6 12. c4 b4 13. Nc2 a5 14. g3 O-O 15. Bg2 Bg5 16. O-O Be6 17. b3 Qb8 18. Qd3 Bd8 19. Rad1 Bb6 20. Nxb6 Qxb6 21. Ne3 Rfd8 22. Kh1 Qc5 23. f4 f6 24. f5 Bf7 25. g4 h6 26. Rf3 a4 27. Rg3 Kf8 28. h4 Ke7 29. Nc2 axb3 30. axb3 Ra2 31. Rd2 Rb2 32. Nd4 Rxd2 33. Nxc6+ Qxc6 34. Qxd2 Qc5 35. g5 hxg5 36. hxg5 Rh8+ 37. Rh3 Rxh3+ 38. Bxh3 Qd4 39. Qxd4 exd4 40. g6 Bxc4 41. bxc4 d3 

0-1

[Event "ESP-chT Division 1"]
[Site "?"]
[Date "1999.11.08"]
[Round "?"]
[White "Movsziszian, Karen"]
[Black "Illescas Cordoba, Miguel"]
[WhiteElo "2501"]
[BlackElo "2600"]
[Result "0-1"]

1. g3 d5 2. Bg2 e5 3. d3 Nc6 4. Nf3 Nf6 5. O-O Be7 6. Bg5 Be6 7. Nc3 Qd7 8. e4 dxe4 9. dxe4 O-O-O 10. Qc1 Kb8 11. Rb1 h6 12. Rd1 Qc8 13. Bxf6 Rxd1+ 14. Qxd1 Bxf6 15. Nd5 Rd8 16. Nd2 Be7 17. c3 Bf8 18. b4 Ne7 19. c4 c6 20. Ne3 g6 21. b5 cxb5 22. Rxb5 Nc6 23. h4 h5 24. Nd5 Nd4 25. Rb1 Bc5 26. Kh2 Rd6 27. Nf1 Ra6 28. Qd2 Qd8 29. f4 Bd6 30. Nfe3 Bc8 31. c5 Bxc5 32. fxe5 Qa5 33. Qf2 Nc6 34. Qxf7 Nxe5 35. Qg7 Bd6 36. Rc1 Rc6 37. Rxc6 bxc6 38. Qf6 Qc5 39. Nf4 Bc7 40. Nxg6 Nxg6 41. Qxg6 

0-1

[Event "Seville Juegos Mundiales op"]
[Site "?"]
[Date "2006.??.??"]
[Round "?"]
[White "Kovchan, Alexander"]
[Black "Illescas Cordoba, Miguel"]
[WhiteElo "2499"]
[BlackElo "2608"]
[Result "0-1"]

1. e4 c5 2. Nf3 Nc6 3. d4 cxd4 4. Nxd4 Nf6 5. Nc3 e5 6. Ndb5 d6 7. a4 a6 8. Na3 Bg4 9. f3 Be6 10. Nc4 d5 11. exd5 Nxd5 12. Nxd5 Bxd5 13. Be3 Be6 14. Nb6 Qxd1+ 15. Rxd1 Rd8 16. Bc4 Rxd1+ 17. Kxd1 Bxc4 18. Nxc4 Be7 19. c3 f6 20. Kc2 Kf7 21. Bb6 h5 22. b4 h4 23. b5 Nb8 24. Bc7 axb5 25. axb5 h3 26. g3 Nd7 27. Ra1 Rc8 28. b6 Nxb6 29. Nxe5+ fxe5 30. Bxb6 Bb4 31. Kb3 Bxc3 32. Ra7 Be1 33. f4 Rc3+ 34. Kb2 Rxg3 35. Rxb7+ Kg8 36. fxe5 Bc3+ 37. Kc1 Bxe5 38. Re7 Rg5 39. Bc7 Bxc7 40. Rxc7 Rg2 41. Rc8+ Kh7 42. Kd1 Rxh2 43. Rc3 g5 44. Ke1 Kg6 45. Kf1 g4 46. Kg1 Ra2 47. Rc5 g3 48. Rc1 Kf5 49. Rb1 Rd2 50. Kh1 Ke4 51. Kg1 Ke3 52. Re1+ Kd3 53. Ra1 Ke2 54. Rb1 Rd1+ 55. Rxd1 Kxd1 56. Kf1 Kd2 57. Kg1 Ke3 58. Kh1 Kf3 59. Kg1 g2 

0-1